000 00570nam a2200157 a 4500
001 000037181
005 20200930080207.0
008 120224s1955 sp a 000 0 spa d
040 _aDO-SdBNP
_bspa
_cBNPHU
082 _axxx
_bB228h
100 1 _aBarba, Francisco Esteve
_963591
245 1 0 _aHistoria de la cultura /
_cFrancisco Esteve Barba.
260 _aBarcelona, EspaƱa :
_bSalvat Editores,
_c1955.
300 _a2 v. :
_bil. ;
_c25 cm.
505 2 _gv.1: Oriente y Europa en la Edad Antigua --
_gv.2: Europa en la Edad Antigua ;
_tOrigenes del Cristianismo y Edad Media
999 _c36671
_d36671